[Event "London Menchik Memorial Blitz op 3rd"]
[Site "London"]
[Date "2024.09.03"]
[Round "3"]
[White "Gardner, Phillip K"]
[Black "Ramasamy, Thirukumaran"]
[Result "0-1"]
[WhiteElo "1777"]
[BlackElo "1631"]
[PlyCount "76"]
[EventDate "2024.09.03"]
[EventType "swiss (blitz)"]
[EventRounds "14"]
[EventCountry "ENG"]
[SourceTitle "EXT 2025"]
[Source "ChessBase"]
[SourceDate "2024.10.14"]
[SourceVersion "1"]
[SourceVersionDate "2024.10.14"]
[SourceQuality "1"]

1. d4 d5 2. Nc3 Nf6 3. Bf4 c6 4. e3 Bf5 5. Nf3 e6 6. h3 h6 7. Bd3 Bxd3 8. cxd3 Bd6 9. Ne5 0-0 10. 0-0 Bc7 11. Re1 Re8 12. Qc2 Nbd7 13. Rac1 Nf8 14. Bh2 a5 15. a3 N8h7 16. f4 Nf8 17. Na4 Bd6 18. b4 axb4 19. axb4 Bxb4 20. Rf1 Qa5 21. Ra1 Qd8 22. Rfb1 Qe7 23. e4 dxe4 24. dxe4 Red8 25. Rd1 N6d7 26. Nb2 Nxe5 27. fxe5 Rxa1 28. Rxa1 c5 29. Nc4 cxd4 30. Nd6 Bxd6 31. exd6 Qd7 32. Rb1 b5 33. Qb2 Rb8 34. Rc1 Ng6 35. Rc7 Qd8 36. Rc5 e5 37. Rxb5 Rxb5 38. Qxb5 Qxd6 0-1

[Event "London Menchik Memorial Blitz op 3rd"]
[Site "London"]
[Date "2024.09.03"]
[Round "11"]
[White "Rohan, Sebastian"]
[Black "Ramasamy, Thirukumaran"]
[Result "0-1"]
[WhiteElo "1442"]
[BlackElo "1631"]
[PlyCount "58"]
[EventDate "2024.09.03"]
[EventType "swiss (blitz)"]
[EventRounds "14"]
[EventCountry "ENG"]
[SourceTitle "EXT 2025"]
[Source "ChessBase"]
[SourceDate "2024.10.14"]
[SourceVersion "1"]
[SourceVersionDate "2024.10.14"]
[SourceQuality "1"]

1. d4 c6 2. Nc3 e6 3. e4 d5 4. Nf3 dxe4 5. Nxe4 Nf6 6. Bd3 Nbd7 7. c3 a6 8. a4 Nxe4 9. Bxe4 Be7 10. Qc2 f5 11. Bd3 Nf6 12. 0-0 Qc7 13. Re1 0-0 14. Bc4 Nd5 15. Ne5 b5 16. axb5 cxb5 17. Bxb5 Bb7 18. Bd3 g6 19. Bh6 Rfe8 20. c4 Nb4 21. Qd2 Nxd3 22. Qxd3 Rad8 23. Be3 Bf6 24. Nf3 Bxf3 25. gxf3 Qb7 26. b3 Qxf3 27. Rxa6 Rxd4 28. Qe2 Rg4+ 29. Kf1 Qg2# 0-1